[Event "YUG-ch 55th"]
[Site "Subotica"]
[Date "2000.03.21"]
[Round "5"]
[White "Antic, Dejan"]
[Black "Velimirovic, Dragoljub"]
[Result "0-1"]
[WhiteElo "2491"]
[BlackElo "2558"]
[Annotator "Huzman"]
[PlyCount "88"]
[EventDate "2000.03.16"]
[EventType "tourn"]
[EventRounds "15"]
[EventCountry "YUG"]
[EventCategory "10"]
[Source "ChessBase"]
[SourceDate "2000.05.31"]
[WhiteTeamCountry "YUG"]
[BlackTeamCountry "RUS"]

1. d4 Nf6 2. Nf3 g6 3. c4 Bg7 4. Nc3 d6 5. e4 O-O 6. h3 c5 7. d5 e6 8. Bd3 exd5
9. exd5 Re8+ 10. Be3 Bh6 11. O-O Bxe3 12. fxe3 Nbd7 13. Qd2 Rf8 14. e4 Ne8 15.
Bc2 (15. a3 f6 16. Kh1 Qe7 17. b4 b6 18. Be2 Ba6 19. b5 Bc8 20. a4 a5 21. bxa6
Rxa6 22. Nb5 Ne5 $11 {1-0 Tseitlin,M-Szekely,P/Pernik 1981/MCD (40)}) 15... Ne5
$1 $146 (15... Qe7 16. Ba4 f6 17. a3 Nb6 18. Bxe8 Rxe8 19. b3 a5 20. Nb5 Rd8
21. Qf4 Ra6 22. Nh2 $16 {
1-0 Aleksandrov,A-Vasilevich,T/Minsk 1997/EXT 2000 (35)}) 16. b3 (16. Nxe5 dxe5
) 16... Qe7 $15 {In this position the White have no active plan.And the Black
may fight for the initiative due to pawns breakthroughs b5 or f5.} 17. Ne2 (17.
Qf4 Bd7 18. Nd1 Ng7 19. Nf2 Nh5 $15) 17... Bd7 18. Qc3 b6 19. Nf4 Rc8 20. Rf2
f6 21. Raf1 Ng7 22. g4 b5 23. a3 a5 $6 (23... Rb8) 24. Nxe5 fxe5 (24... dxe5
25. d6 Qxd6 26. Rd1 Qc6 27. Nd5 Qe6 28. cxb5 Bxb5 29. Qxa5 $16) 25. Ng2 b4 26.
axb4 axb4 27. Qe3 $15 g5 28. Rxf8+ Rxf8 29. Rxf8+ Kxf8 30. Bd1 Qf6 $2 (30...
Ne8 $142 {/\Nf6-g8-e7-g6-f4}) 31. Qc1 (31. Qf3 $1 Ne8 32. Qxf6+ (32. Ne3 Qf4)
32... Nxf6 33. Bf3 Be8 (33... h5 34. Ne3) 34. Kf2 Bg6 (34... h5 35. Ne1 hxg4
36. hxg4 Bd7 37. Kg3 $11) 35. Ke3 h5 36. Ne1) 31... Be8 32. Qe3 Bg6 33. Be2 Ne8
34. Bd1 (34. Qf3 Qxf3 35. Bxf3 Nf6 $19) 34... Kg7 35. Bf3 h6 36. Kh2 Qe7 37.
Ne1 Qa7 $1 $17 38. h4 gxh4 39. g5 (39. Ng2 Qa2 40. Kh3 Qa1 $19 41. Nxh4 (41.
Kxh4 Qc3 42. g5 hxg5+ 43. Kxg5 Nf6 $19) 41... Qc3 42. Ng2 Nf6 $19) 39... Qa2+
40. Ng2 hxg5 41. Qxg5 Qf2 $1 $19 42. Qe7+ Kh6 43. Qxh4+ Qxh4+ 44. Nxh4 Bh7 $1 (
44... Bh7 45. Kg3 Nf6 46. Nf5+ Bxf5 47. exf5 Kg5 $19) 0-1

[Event "YUG-ch 55th"]
[Site "Subotica"]
[Date "2000.03.22"]
[Round "6"]
[White "Velimirovic, Dragoljub"]
[Black "Kosic, Dragan"]
[Result "1-0"]
[WhiteElo "2558"]
[BlackElo "2521"]
[Annotator "Finkel,A"]
[PlyCount "131"]
[EventDate "2000.03.16"]
[EventType "tourn"]
[EventRounds "15"]
[EventCountry "YUG"]
[EventCategory "10"]
[Source "ChessBase"]
[SourceDate "2000.05.31"]
[WhiteTeamCountry "YUG"]
[BlackTeamCountry "RUS"]

1. e4 e6 2. d4 d5 3. Nc3 Nf6 4. e5 Nfd7 5. f4 c5 6. Nf3 Nc6 7. Ne2 b5 8. a3 {
The only possibility to fight for the equality,the other moves promise nothing
to white.} (8. g3 $6 b4 9. Bh3 g6 10. c3 Ba6 11. Kf2 Rc8 12. g4 bxc3 13. bxc3
cxd4 14. cxd4 Nb4 $36 {Kordonowski,F-Ellers,H/NRW-I 1994}) (8. Be3 Qb6 9. dxc5
Bxc5 10. Bxc5 Nxc5 11. Ned4 Nxd4 12. Qxd4 Bd7 13. Bd3 Na4 14. Qxb6 Nxb6 15.
O-O-O O-O $13 {Diedrichsen,D-Giehring,S/BL2-N 1993}) 8... Qb6 (8... a5 9. Nc3
b4 10. axb4 Nxd4 11. Nxd4 cxd4 12. Nb5 Bxb4+ 13. Bd2 Bxd2+ 14. Qxd2 O-O 15.
Nxd4 Qb6 $13 {Grimberg,G-Bricard,E/FRA-ch 1995}) (8... Rb8 9. Be3 b4 10. axb4
Rxb4 11. b3 a5 12. c3 Rb8 13. dxc5 Bxc5 14. Ned4 Qb6 15. Bd3 $14 {
Yudasin,L-Glek,I/Tilburg 1994}) 9. Be3 a5 10. c3 (10. dxc5 Bxc5 11. Bxc5 Nxc5
12. Ned4 Ba6 13. Be2 O-O $13) 10... Ba6 11. dxc5 Bxc5 12. Ned4 b4 13. Bxa6 {
It's important to keep the black pawn on a5,otherwise black doesn't face any
problems.} (13. axb4 $6 axb4 14. Bxa6 Rxa6 15. O-O Rxa1 16. Qxa1 O-O $11) 13...
Rxa6 14. O-O O-O 15. Qd3 bxc3 16. bxc3 Rc8 17. Ng5 Nf8 18. Rab1 Qa7 19. Rb5 $14
{More active position of the pieces and advantage in space promise white
slightly better prospects.} Bxd4 (19... Nxd4 20. cxd4 Be7 21. f5 (21. Rfb1 Rc7
22. Bd2 a4 23. Nf3 $14) 21... Bxg5 22. Bxg5 Rac6 23. f6 Rc3 24. Qd2 $36) 20.
cxd4 h6 21. Nf3 Rb6 22. Rc5 $1 (22. Rxb6 Qxb6 23. f5 exf5 24. Qxf5 Ne7 25. Qd3
Ne6 $132) 22... Nd7 23. Rc3 Ne7 (23... Qa6 24. Qxa6 Rxa6 25. Rfc1 Ndb8 26. Rb3
$14) 24. Rxc8+ Nxc8 25. f5 exf5 (25... Ne7 26. f6 gxf6 27. Bxh6 (27. exf6 Nf5
28. g4 Nxe3 29. Qxe3 Nxf6 30. Qxh6 Ne4 31. Ng5 $36) 27... fxe5 28. Nh4 f5 (
28... Rb3 29. Qxb3 Qxd4+ 30. Qe3 Qxh4 31. Bg5 $18) 29. Qg3+ Kf7 30. Qg7+ Ke8
31. Bg5 $40) 26. Qxf5 Ne7 27. Qf4 (27. Qg4 $5) 27... Ng6 28. Qg3 Ndf8 29. h4
Rb3 30. Qf2 Ne6 $6 {Deserved attention courageous 30...R:a3} (30... Rxa3 $5 31.
h5 Ne7 (31... Nh8 $5) 32. Nh4 $5 (32. Ng5 $2 Nf5 33. Qxf5 (33. Bc1 Ra1 34. Qxf5
hxg5 35. Kh2 Ne6 $17) 33... hxg5 34. Bxg5 Ne6 $15) 32... Nc6 33. Nf5 Ne6 $132 {
in both cases with unclear position with mutual chanses.}) 31. h5 Ngf8 32. Nh4
Nh7 (32... Rxa3 33. Nf5 Rb3 34. Bxh6 $1 (34. Qg3 Ng5 35. Qg4 Nfe6 $17) (34. Nd6
Nd8) 34... gxh6 35. Nxh6+ Kh7 36. Nf5 a4 37. Qd2 $1 $40) 33. Rc1 Qb7 34. Nf5
$36 Rb1 $6 {After this move black is in serious troubles.} (34... Rxa3 35. Bxh6
gxh6 36. Nxh6+ Kg7 37. Nf5+ Kg8 $13) 35. Rxb1 Qxb1+ 36. Kh2 Qb7 37. Qf3 Kf8 (
37... Nhg5 38. Qxd5 $1) 38. Nd6 $16 Qe7 39. Kg1 $1 Nc7 40. Bd2 Ng5 (40... a4
41. Bb4) 41. Qb3 $1 Kg8 42. Bxa5 $18 {Now the positional advantage is
transformed into the material one and the rest of the game is just a technical
job for white.} Nce6 43. Qxd5 Nf4 44. Qb7 (44. Qb5 $5) 44... Ne2+ 45. Kf2 Qxb7
46. Nxb7 Nxd4 47. a4 Nc6 48. Bc7 Ne4+ 49. Kf3 Nc3 50. a5 Kf8 51. a6 Nb5 52.
Bd6+ Ke8 (52... Nxd6 53. exd6 Ke8 54. Nc5 $18) 53. Nc5 f6 54. Ke4 fxe5 55. Bxe5
Kf7 56. Kd5 Nba7 57. Nd3 g6 58. Bf4 $1 Kf6 (58... gxh5 59. Ne5+ Nxe5 60. Bxe5
Kg6 61. Bb8 $18) 59. Kc5 gxh5 60. Kb6 Ke6 61. Bxh6 Kd7 62. Kb7 Nb5 63. Nc5+ Kd6
64. Ne4+ Kd7 65. Nf6+ Kd6 66. Bf8+ 1-0

[Event "YUG-ch 55th"]
[Site "Subotica"]
[Date "2000.03.25"]
[Round "8"]
[White "Velimirovic, Dragoljub"]
[Black "Kalezic, Blazo"]
[Result "0-1"]
[WhiteElo "2558"]
[BlackElo "2403"]
[Annotator "Mueller,Karsten"]
[PlyCount "78"]
[EventDate "2000.03.16"]
[EventType "tourn"]
[EventRounds "15"]
[EventCountry "YUG"]
[EventCategory "10"]
[Source "ChessBase"]
[SourceDate "2000.05.31"]
[WhiteTeamCountry "YUG"]
[BlackTeamCountry "RUS"]

1. e4 d5 2. exd5 Nf6 3. c4 e6 4. dxe6 Bxe6 5. d4 Bb4+ 6. Nc3 $6 Ne4 7. Qc2 $6
Qxd4 (7... Nxc3 8. bxc3 Qxd4 9. Bb2 Qe5+ 10. Be2 Bc5 11. Nf3 Qf6 12. O-O Nc6
$15 {0-1 Pacl,V-Maljutin,E/Karvina 1992/EXT 92op (27)}) 8. Nf3 Qf6 9. Bd3 $2 (
9. a3 Bxc3+ 10. bxc3 O-O 11. Nd4 Nc5 12. Be2 $13 {
1-0 Schuh,F-Feistenauer,F/AUT-chT 1991/EXT 91ch (26)}) (9. Qxe4 {führt nach}
Bxc3+ 10. bxc3 Qxc3+ 11. Kd1 Qxa1 12. Qxb7 O-O 13. Qxa8 Rd8+ 14. Nd2 Qxa2 {
zur Frage, ob die schwarze Kompensation ausreicht.}) 9... Nxc3 10. O-O Nc6 11.
Bg5 Qxf3 $3 (11... Nd4 $2 12. Bxf6 Nxc2 13. Bxg7 Ne2+ (13... Rg8 14. Bxc3 $14)
14. Bxe2 Rg8 15. Rac1 Rxg7 16. Rxc2 $14) 12. gxf3 Nd4 13. bxc3 Nxc2 $17 14.
Bxc2 Be7 15. Bxe7 Kxe7 16. Be4 Rab8 17. Rfe1 Kf6 18. Bd5 Bf5 19. a4 Rhd8 20. a5
Rd6 21. f4 $6 (21. Be4 $5 {war etwas zäher, wenngleich Schwarz auch dann
aufgrund seiner besseren Bauernstruktur und des aktiveren Königs sehr gute
Gewinnaussichten hat.}) 21... g6 22. Kg2 h5 23. h4 c6 24. Bf3 a6 25. Re3 Rbd8
26. Rae1 R8d7 27. Re8 Be6 28. c5 Rd3 $19 29. Re3 Rd2 30. Re2 Rxe2 31. Bxe2 Rd2
32. Bf3 Rc2 33. Rb8 Rxc3 34. Rxb7 Rxc5 35. Rb6 Rxa5 36. Rxc6 Ra4 37. Kg3 $6 (
37. Be2 a5 38. Kf3 Ra1 $19) 37... Ra3 38. Kg2 Kf5 39. Be2 $2 (39. Rd6 $142 Kxf4
40. Rd4+ Ke5 $19) (39. Kg3 $2 Rxf3+ 40. Kxf3 Bd5+ $19) 39... Bd5+ 0-1

[Event "YUG-ch 55th"]
[Site "Subotica"]
[Date "2000.03.26"]
[Round "9"]
[White "Drasko, Milan"]
[Black "Velimirovic, Dragoljub"]
[Result "0-1"]
[WhiteElo "2520"]
[BlackElo "2558"]
[PlyCount "82"]
[EventDate "2000.03.16"]
[EventType "tourn"]
[EventRounds "15"]
[EventCountry "YUG"]
[EventCategory "10"]
[Source "ChessBase"]
[SourceDate "2000.05.31"]
[WhiteTeamCountry "YUG"]
[BlackTeamCountry "RUS"]

1. d4 Nf6 2. c4 c5 3. d5 e6 4. Nc3 exd5 5. cxd5 d6 6. Nf3 g6 7. g3 Bg7 8. Bg2
O-O 9. O-O a6 10. a4 Nbd7 11. Bf4 Qc7 12. Rc1 Nh5 13. Bg5 Re8 14. Qd2 Nhf6 15.
Bh6 Bh8 16. h3 Ne4 17. Nxe4 Rxe4 18. b4 Qd8 19. Rb1 a5 20. bxa5 Rxa5 21. Bf4
Ra6 22. a5 Nf6 23. Rb5 Qe8 24. Rb6 Rxe2 25. Qd1 Rxa5 26. Bxd6 Raa2 27. Bxc5 Ne4
28. Bd4 Bxd4 29. Qxd4 Nxg3 30. Qh4 Nf5 31. Qf6 Rxf2 32. Rxf2 Rxf2 33. Qe5 Re2
34. Qxe8+ Rxe8 35. Ng5 Rd8 36. Ne4 Kf8 37. d6 Be6 38. Ng5 Rxd6 39. Rxb7 Kg7 40.
Be4 Nd4 41. h4 h6 0-1

[Event "YUG-ch 55th"]
[Site "Subotica"]
[Date "2000.03.27"]
[Round "10"]
[White "Velimirovic, Dragoljub"]
[Black "Markovic, Miroslav"]
[Result "1/2-1/2"]
[WhiteElo "2558"]
[BlackElo "2586"]
[PlyCount "97"]
[EventDate "2000.03.16"]
[EventType "tourn"]
[EventRounds "15"]
[EventCountry "YUG"]
[EventCategory "10"]
[Source "ChessBase"]
[SourceDate "2000.05.31"]
[WhiteTeamCountry "YUG"]
[BlackTeamCountry "RUS"]

1. e4 c5 2. Nf3 d6 3. d4 cxd4 4. Nxd4 Nf6 5. Nc3 Bd7 6. Be2 g6 7. g4 h6 8. Be3
e5 9. Ndb5 Bc6 10. Nd5 Nxd5 11. exd5 Bxb5 12. Bxb5+ Nd7 13. Qd2 a6 14. Be2 Be7
15. O-O-O Bg5 16. Kb1 Bxe3 17. fxe3 Nc5 18. h4 Qb6 19. Rhf1 Rf8 20. Bd3 O-O-O
21. Rf2 Qc7 22. e4 Kb8 23. Qxh6 Rh8 24. Qg5 Qb6 25. Qe3 Rxh4 26. Rxf7 Rxg4 27.
Rh1 Ka7 28. a3 Rd7 29. Rhh7 Rxf7 30. Rxf7 Nxe4 31. Qxb6+ Kxb6 32. Rd7 Rg1+ 33.
Ka2 Nf2 34. Rxd6+ Kc5 35. Rf6 Nxd3 36. cxd3 Rd1 37. Rxg6 Rxd3 38. Rg7 b5 39.
Ra7 e4 40. Rxa6 e3 41. Re6 Kxd5 42. Re8 Kd4 43. Kb1 Rd2 44. Rd8+ Ke4 45. Rxd2
exd2 46. Kc2 Ke3 47. Kd1 Kd3 48. b3 Kc3 49. a4 1/2-1/2

[Event "YUG-ch 55th"]
[Site "Subotica"]
[Date "2000.03.28"]
[Round "11"]
[White "Ilincic, Zlatko"]
[Black "Velimirovic, Dragoljub"]
[Result "1-0"]
[WhiteElo "2554"]
[BlackElo "2558"]
[PlyCount "111"]
[EventDate "2000.03.16"]
[EventType "tourn"]
[EventRounds "15"]
[EventCountry "YUG"]
[EventCategory "10"]
[Source "ChessBase"]
[SourceDate "2000.05.31"]
[WhiteTeamCountry "YUG"]
[BlackTeamCountry "RUS"]

1. e4 c5 2. Nf3 Nc6 3. Bb5 g6 4. O-O Bg7 5. Re1 Nd4 6. Nxd4 cxd4 7. c3 e6 8.
Qa4 a6 9. Bf1 Ne7 10. Na3 O-O 11. Nb5 Nc6 12. Nxd4 Nxd4 13. cxd4 d5 14. e5 Bd7
15. Qb4 b5 16. d3 a5 17. Qb3 Qb6 18. Be3 Rfc8 19. Rec1 a4 20. Qb4 Bf8 21. Rc5
Qd8 22. Rac1 Bxc5 23. dxc5 f5 24. exf6 Qxf6 25. Qf4 Qxf4 26. Bxf4 Bc6 27. d4
Ra7 28. h4 Kf7 29. Re1 Ke7 30. Bd3 Kd7 31. Re3 Rg8 32. Bd6 Rg7 33. Be5 Rf7 34.
h5 gxh5 35. Rh3 b4 36. Rxh5 Rb7 37. Bxh7 Bb5 38. Bg6 Rf8 39. Rh6 Bc4 40. Bb1
Re8 41. f3 a3 42. b3 Bxb3 43. axb3 a2 44. Bxa2 Ra8 45. Rh7+ Kc6 46. Rxb7 Kxb7
47. g4 Kc6 48. g5 Kd7 49. g6 Ke7 50. c6 Rxa2 51. c7 Ra8 52. Kf2 Rg8 53. Ke3 Kd7
54. g7 Ke7 55. Kf4 Kf7 56. Kg5 1-0

[Event "YUG-ch 55th"]
[Site "Subotica"]
[Date "2000.03.30"]
[Round "12"]
[White "Velimirovic, Dragoljub"]
[Black "Tosic, Miroslav"]
[Result "0-1"]
[WhiteElo "2558"]
[BlackElo "2503"]
[PlyCount "66"]
[EventDate "2000.03.16"]
[EventType "tourn"]
[EventRounds "15"]
[EventCountry "YUG"]
[EventCategory "10"]
[Source "ChessBase"]
[SourceDate "2000.05.31"]
[WhiteTeamCountry "YUG"]
[BlackTeamCountry "RUS"]

1. e4 c5 2. Nf3 d6 3. d4 cxd4 4. Nxd4 Nf6 5. Nc3 Bd7 6. Bc4 e6 7. Bb3 Na6 8. f4
Nc5 9. e5 Nfe4 10. Nxe4 Nxe4 11. Qf3 Nc5 12. O-O g6 13. Be3 Qc7 14. Rad1 Be7
15. f5 exf5 16. Bxf7+ Kxf7 17. Nxf5 Bxf5 18. g4 Kg7 19. gxf5 Rhf8 20. f6+ Kh8
21. Qd5 Bxf6 22. exf6 Rae8 23. Bh6 Rf7 24. Rde1 Qd7 25. b4 Qg4+ 26. Qg2 Qd4+
27. Kh1 Ne4 28. c3 Qc4 29. Rf4 d5 30. Re3 Qc6 31. Qf3 Rxf6 32. Rxf6 Qxf6 33.
Qxf6+ Nxf6 0-1

[Event "YUG-ch 55th"]
[Site "Subotica"]
[Date "2000.03.31"]
[Round "13"]
[White "Todorovic, Goran M"]
[Black "Velimirovic, Dragoljub"]
[Result "0-1"]
[WhiteElo "2426"]
[BlackElo "2558"]
[PlyCount "72"]
[EventDate "2000.03.16"]
[EventType "tourn"]
[EventRounds "15"]
[EventCountry "YUG"]
[EventCategory "10"]
[Source "ChessBase"]
[SourceDate "2000.05.31"]
[WhiteTeamCountry "YUG"]
[BlackTeamCountry "RUS"]

1. e4 c5 2. Nf3 Nc6 3. d4 cxd4 4. Nxd4 g6 5. c4 Nf6 6. Nc3 d6 7. Be2 Bg7 8. Be3
O-O 9. O-O a6 10. Qd2 Nxd4 11. Bxd4 Be6 12. f3 Qa5 13. b3 Rfc8 14. Qb2 Rab8 15.
Kh1 Qh5 16. a4 Qh6 17. Nd5 Bxd5 18. exd5 a5 19. Rae1 Nd7 20. Bd1 Re8 21. Rf2
Nc5 22. Bc2 Qh4 23. Bxg7 Qxf2 24. Bc3 e5 25. Rg1 b6 26. Qc1 Qh4 27. Bd2 Qe7 28.
Bc3 Rf8 29. Qh6 Qf6 30. Re1 Rbe8 31. h4 Qf4 32. Bd2 Qf6 33. h5 Qg7 34. g4 Qf6
35. Qe3 e4 36. g5 Qxf3+ 0-1

[Event "YUG-ch 55th"]
[Site "Subotica"]
[Date "2000.04.01"]
[Round "14"]
[White "Velimirovic, Dragoljub"]
[Black "Ivanisevic, Ivan"]
[Result "0-1"]
[WhiteElo "2558"]
[BlackElo "2460"]
[PlyCount "58"]
[EventDate "2000.03.16"]
[EventType "tourn"]
[EventRounds "15"]
[EventCountry "YUG"]
[EventCategory "10"]
[Source "ChessBase"]
[SourceDate "2000.05.31"]
[WhiteTeamCountry "YUG"]
[BlackTeamCountry "RUS"]

1. e4 c5 2. Nf3 d6 3. d4 cxd4 4. Nxd4 Nf6 5. Nc3 Bd7 6. Bc4 Nc6 7. Bb3 g6 8.
Be3 Ng4 9. Nxc6 bxc6 10. Bd4 e5 11. Be3 Nxe3 12. fxe3 Be7 13. O-O O-O 14. Qd3
Kg7 15. Rf2 f5 16. Raf1 Rf6 17. Kh1 Qb6 18. exf5 gxf5 19. g4 e4 20. Nxe4 fxe4
21. Qxe4 Re8 22. g5 Rxf2 23. Rxf2 d5 24. Qe5+ Kg8 25. g6 hxg6 26. Rg2 Kf7 27.
c4 Bf6 28. Qg3 Bf5 29. cxd5 Rxe3 0-1

[Event "YUG-ch 55th"]
[Site "Subotica"]
[Date "2000.04.02"]
[Round "15"]
[White "Perunovic, Milos"]
[Black "Velimirovic, Dragoljub"]
[Result "1/2-1/2"]
[WhiteElo "2384"]
[BlackElo "2558"]
[PlyCount "134"]
[EventDate "2000.03.16"]
[EventType "tourn"]
[EventRounds "15"]
[EventCountry "YUG"]
[EventCategory "10"]
[Source "ChessBase"]
[SourceDate "2000.05.31"]
[WhiteTeamCountry "YUG"]
[BlackTeamCountry "RUS"]

1. e4 c5 2. Nf3 Nc6 3. d4 cxd4 4. Nxd4 Nf6 5. Nc3 g6 6. Nxc6 bxc6 7. e5 Ng8 8.
Bc4 f5 9. Qf3 e6 10. Bf4 Rb8 11. Bb3 Rb4 12. a3 Rxf4 13. Qxf4 Qc7 14. Qe3 Nh6
15. f4 Ng4 16. Qf3 h5 17. O-O-O Qb6 18. Kb1 Qf2 19. Rdf1 Qxf3 20. Rxf3 h4 21.
h3 Nh6 22. g3 hxg3 23. Rxg3 Kf7 24. Rhg1 Bc5 25. R1g2 Rg8 26. Bc4 Be7 27. Ne2
Bb7 28. Rb3 Ba8 29. Ba6 c5 30. Rg1 Bd5 31. c4 Be4+ 32. Ka2 g5 33. fxg5 Rxg5 34.
Rxg5 Bxg5 35. Bb7 Bxb7 36. Rxb7 Ke7 37. Rxa7 Nf7 38. Rc7 Be3 39. a4 Kd8 40. Rb7
Nxe5 41. a5 Nc6 42. h4 Nxa5 43. Rb8+ Ke7 44. b3 Nc6 45. Rh8 Ne5 46. Kb1 Nf7 47.
Rg8 Kf6 48. Kc2 Bh6 49. Ng3 Ne5 50. Kd1 Kf7 51. Rc8 Bf4 52. Nh1 Nc6 53. Nf2 Bd6
54. h5 e5 55. Nh3 Kg7 56. Ng5 Be7 57. Ne6+ Kf7 58. Nc7 Bg5 59. Nd5 e4 60. Nb6
e3 61. Nxd7 Nd4 62. Ne5+ Kg7 63. Nd3 f4 64. Rxc5 e2+ 65. Kd2 Nxb3+ 66. Kxe2
Nxc5 67. Nxc5 Kh6 1/2-1/2

[Event "YUG-Cup"]
[Site "Herceg Novi"]
[Date "2000.??.??"]
[Round "1"]
[White "Konjevic, Djordje"]
[Black "Velimirovic, Dragoljub"]
[Result "0-1"]
[WhiteElo "2358"]
[BlackElo "2558"]
[PlyCount "82"]
[EventDate "2000.05.27"]
[EventType "swiss"]
[EventRounds "7"]
[EventCountry "YUG"]
[Source "ChessBase"]
[SourceDate "2000.11.22"]
[WhiteTeamCountry "YUG"]
[BlackTeamCountry "RUS"]

1. c4 c5 2. Nc3 g6 3. g3 Bg7 4. Bg2 Nc6 5. Nf3 d6 6. Rb1 e5 7. d3 Nge7 8. Bd2
b6 9. a3 Bb7 10. Nd5 Nxd5 11. cxd5 Nb8 12. e4 Nd7 13. O-O O-O 14. Bg5 f6 15.
Be3 a5 16. Qd2 b5 17. Rfc1 b4 18. a4 Qe7 19. b3 f5 20. Ng5 f4 21. gxf4 exf4 22.
Bxf4 Bc3 23. Qe3 Bd4 24. Qg3 Rxf4 25. Qxf4 Ne5 26. Ne6 Nxd3 27. Qd2 Bxf2+ 28.
Kh1 Nxc1 29. Qxf2 Nd3 30. Qg3 Ne5 31. Rc1 Bc8 32. Bh3 Bxe6 33. Bxe6+ Kg7 34.
Rxc5 dxc5 35. Qxe5+ Qf6 36. Qc7+ Kh6 37. Qxc5 Qf1+ 38. Qg1 Qxg1+ 39. Kxg1 Kg5
40. Bh3 Kf4 41. Bg2 Rc8 0-1

[Event "YUG-Cup"]
[Site "Herceg Novi"]
[Date "2000.??.??"]
[Round "2"]
[White "Velimirovic, Dragoljub"]
[Black "Motylev, Alexander"]
[Result "1/2-1/2"]
[WhiteElo "2558"]
[BlackElo "2552"]
[PlyCount "67"]
[EventDate "2000.05.27"]
[EventType "swiss"]
[EventRounds "7"]
[EventCountry "YUG"]
[Source "ChessBase"]
[SourceDate "2000.11.22"]
[WhiteTeamCountry "YUG"]
[BlackTeamCountry "RUS"]

1. e4 e5 2. d4 exd4 3. Nf3 Bb4+ 4. c3 dxc3 5. Nxc3 Bxc3+ 6. bxc3 Ne7 7. Bc4 O-O
8. O-O Nbc6 9. e5 d5 10. exd6 Qxd6 11. Qxd6 cxd6 12. Ba3 d5 13. Bb5 Rd8 14.
Rab1 a6 15. Bd3 b5 16. Nd4 Re8 17. Rfe1 Nxd4 18. cxd4 Bf5 19. Rxe7 Bxd3 20.
Rbe1 Rxe7 21. Bxe7 Bc4 22. a3 a5 23. f3 b4 24. axb4 a4 25. b5 Bxb5 26. Ba3 h5
27. h4 Rc8 28. Bc5 Bc4 29. Re7 Rb8 30. Ra7 Rb1+ 31. Kh2 Ra1 32. Ra8+ Kh7 33.
Ra7 Kg6 34. Kg3 1/2-1/2

[Event "YUG-Cup"]
[Site "Herceg Novi"]
[Date "2000.??.??"]
[Round "4"]
[White "Brenjo, Slavisa"]
[Black "Velimirovic, Dragoljub"]
[Result "1/2-1/2"]
[WhiteElo "2492"]
[BlackElo "2558"]
[PlyCount "53"]
[EventDate "2000.05.27"]
[EventType "swiss"]
[EventRounds "7"]
[EventCountry "YUG"]
[Source "ChessBase"]
[SourceDate "2000.11.22"]
[WhiteTeamCountry "YUG"]
[BlackTeamCountry "RUS"]

1. e4 c5 2. d3 Nc6 3. g3 h5 4. Nf3 e5 5. Nbd2 d6 6. c3 Be7 7. h3 Bf6 8. Nc4
Nge7 9. h4 Be6 10. Bg2 Qd7 11. O-O Rd8 12. Re1 Bg4 13. Ne3 Bh3 14. Bh1 O-O 15.
a3 g6 16. b4 Be6 17. Bb2 Bg7 18. Ng5 Bh6 19. Nd5 f6 20. Nxe6 Qxe6 21. d4 cxd4
22. cxd4 Qf7 23. b5 Nxd5 24. bxc6 Nb6 25. cxb7 Qxb7 26. Bg2 Qf7 27. Bh3 1/2-1/2

[Event "YUG-Cup"]
[Site "Herceg Novi"]
[Date "2000.??.??"]
[Round "5"]
[White "Nikcevic, Nebojsa"]
[Black "Velimirovic, Dragoljub"]
[Result "1/2-1/2"]
[WhiteElo "2488"]
[BlackElo "2558"]
[PlyCount "35"]
[EventDate "2000.05.27"]
[EventType "swiss"]
[EventRounds "7"]
[EventCountry "YUG"]
[Source "ChessBase"]
[SourceDate "2000.11.22"]
[WhiteTeamCountry "YUG"]
[BlackTeamCountry "RUS"]

1. Nf3 c5 2. c4 g6 3. d4 cxd4 4. Nxd4 Nc6 5. e4 Bg7 6. Be3 Nf6 7. Nc3 d6 8. Be2
O-O 9. O-O a6 10. Nc2 Be6 11. f3 Qa5 12. Qd2 Rfc8 13. Nd5 Qxd2 14. Bxd2 Nxd5
15. exd5 Nd4 16. Nxd4 Bxd4+ 17. Kh1 Bd7 18. Rac1 1/2-1/2

[Event "YUG-Cup"]
[Site "Herceg Novi"]
[Date "2000.??.??"]
[Round "6"]
[White "Velimirovic, Dragoljub"]
[Black "Tosic, Miroslav"]
[Result "1/2-1/2"]
[WhiteElo "2558"]
[BlackElo "2503"]
[PlyCount "86"]
[EventDate "2000.05.27"]
[EventType "swiss"]
[EventRounds "7"]
[EventCountry "YUG"]
[Source "ChessBase"]
[SourceDate "2000.11.22"]
[WhiteTeamCountry "YUG"]
[BlackTeamCountry "RUS"]

1. e4 c5 2. Nf3 e6 3. d4 cxd4 4. Nxd4 a6 5. c4 Nf6 6. Nc3 Qc7 7. a3 b6 8. g4
Bb7 9. Bg2 h6 10. Be3 h5 11. h3 hxg4 12. hxg4 Rxh1+ 13. Bxh1 Nc6 14. g5 Nxd4
15. Bxd4 Ng8 16. Rc1 Qh2 17. Bf3 Qg1+ 18. Ke2 Qxg5 19. Bxb6 Bc5 20. Bxc5 Qxc5
21. Qb3 Bc6 22. Rh1 Nh6 23. Rh5 f5 24. Nd1 Nf7 25. exf5 Ne5 26. Bxc6 Nxc6 27.
Kf1 O-O-O 28. Ne3 g6 29. Rh4 gxf5 30. Qa4 Qb6 31. c5 Qb5+ 32. Qxb5 axb5 33. Ke2
Kc7 34. Nd1 Ne7 35. Ne3 Ra8 36. Nc2 Nc6 37. Kd2 Rg8 38. Nd4 Ne5 39. Rh7 Rg2 40.
b4 Rxf2+ 41. Kc3 Kd8 42. Nxb5 Rf3+ 43. Kd4 Nc6+ 1/2-1/2

[Event "Valjevo"]
[Site "Valjevo"]
[Date "2000.06.17"]
[Round "1"]
[White "Brenjo, Slavisa"]
[Black "Velimirovic, Dragoljub"]
[Result "1-0"]
[WhiteElo "2492"]
[BlackElo "2558"]
[PlyCount "73"]
[EventDate "2000.06.17"]
[EventType "tourn"]
[EventRounds "13"]
[EventCountry "YUG"]
[EventCategory "9"]
[Source "ChessBase"]
[SourceDate "2000.07.11"]
[WhiteTeamCountry "YUG"]
[BlackTeamCountry "RUS"]

1. Nf3 c5 2. c4 g6 3. g3 Bg7 4. Bg2 Nc6 5. O-O d6 6. Nc3 e5 7. a3 Nge7 8. Rb1
O-O 9. d3 Rb8 10. b4 b6 11. e3 f5 12. Nd5 Kh8 13. Nd2 cxb4 14. axb4 Nxd5 15.
cxd5 Ne7 16. Nc4 Bb7 17. e4 Rc8 18. Nd2 h6 19. b5 Rc7 20. Ba3 Qd7 21. Qb3 f4
22. Rfc1 Rxc1+ 23. Rxc1 h5 24. Qb4 Nc8 25. Nf3 Bh6 26. Rc3 g5 27. d4 g4 28. Nh4
Qf7 29. Nf5 fxg3 30. hxg3 Bd2 31. dxe5 Ne7 32. e6 Qf6 33. Qxd6 Bxc3 34. Qxe7
Qxe7 35. Bxe7 Ra8 36. d6 Bb4 37. Bf6+ 1-0